Blue lock General Knowledge #2 - Statistics

General Stats
  • This quiz has been taken 267 times
  • The average score is 10 of 15
Answer Stats
Hint Answer % Correct
Rin's family name Itoshi
97%
Better acceleration? Chigiri or Zantetsu? Zantetsu
97%
Age of Niko and Charles 15
95%
Animal Karasu represents Crow
94%
Any member of the world five (except Loki) Pablo, Luna, Silva, Adam.
90%
Color of Yukimiya's glasses Orange
89%
Any New gen XI Sae, Lorenzo, Kaiser
84%
Any Blue Lock XI substitute during U20 Barou, Reo, Hiori
75%
Nicknamed "Blunt bangs" for some time, Bachira
55%
Amount of players after the game of tag 275
54%
Real-life player Shidou is based of off Zlatan
53%
The match where Isagi scored his first goal in Blue Lock Against Team Y
50%
Amount of players after the 2nd selection 35
43%
Amount of players after the 1st selection 125
30%
The amount of time players had to score 100 goals before the second selection. 90 minutes
24%
No matching quizzes found
Score Distribution
Percent of People with Each Score
Percentile by Number Answered
Your Score History
You have not taken this quiz